40 największych miejscowości w gminach Lubicz Obrowo Czernikowo - Statystyki

Ogólne statystyki
  • Ten quiz został rozwiązany 6 razy
  • Średni wynik to 16 z 40
Statystyki odpowiedzi
l. Ludności Gmina Odpowiedź % Poprawnych
3618 Czernikowo Czernikowo
100%
2802 Lubicz Lubicz Dolny
100%
3165 Lubicz Lubicz Górny
100%
2105 Obrowo Obrowo
100%
2190 Obrowo Osiek nad Wisłą
80%
1193 Obrowo Silno
80%
2408 Lubicz Złotoria
80%
2422 Obrowo Brzozówka
60%
548 Czernikowo Czernikówko
60%
631 Obrowo Dzikowo
60%
3191 Obrowo Głogowo
60%
792 Lubicz Grabowiec
60%
527 Lubicz Kopanino
60%
2094 Lubicz Krobia
60%
623 Obrowo Łążyn
60%
618 Lubicz Młyniec Pierwszy
60%
532 Lubicz Nowa Wieś
60%
504 Obrowo Sąsieczno
60%
801 Obrowo Dobrzejewice
40%
651 Lubicz Młyniec Drugi
40%
946 Obrowo Szembekowo
40%
655 Obrowo Zębowo
40%
2873 Lubicz Grębocin
20%
728 Lubicz Gronowo
20%
339 Obrowo Łążynek
20%
505 Lubicz Mierzynek
20%
558 Obrowo Obory
20%
565 Czernikowo Osówka
20%
611 Obrowo Stajęczynki
20%
827 Obrowo Zawały
20%
319 Lubicz Brzeźno
0%
418 Lubicz Jedwabno
0%
322 Czernikowo Kiełpiny
0%
336 Czernikowo Kijaszkowo
0%
286 Czernikowo Mazowsze Parcele
0%
317 Czernikowo Ograszka
0%
594 Lubicz Rogówko
0%
388 Lubicz Rogowo
0%
998 Czernikowo Steklin
0%
518 Czernikowo Steklinek
0%
Nie znaleziono quizów pasujących do podanych kryteriów
Rozkład punktacji
Procent ludzi z każdym wynikiem
Percentyl według liczby udzielonych odpowiedzi
Twoja historia wyników
Nie rozwiązałeś tego quizu